La especie humana (Record no. 81684)

MARC details
000 -LEADER
campo de control de longitud fija 00586nam a2200181 i 4500
001 - NÚMERO DE CONTROL
campo de control 81684
003 - IDENTIFICADOR DE NÚMERO DE CONTROL
campo de control ES-MaACL
005 - FECHA Y HORA DE LA ÚLTIMA TRANSACCIÓN
campo de control 20230906174505.0
007 - CAMPO FIJO DE DESCRIPCIÓN FÍSICA--INFORMACIÓN GENERAL
campo de control de longitud fija t|
008 - DATOS DE LONGITUD FIJA--INFORMACIÓN GENERAL
campo de control de longitud fija 041105s1968 sp ||||1| spa d
100 1# - ENTRADA PRINCIPAL--NOMBRE DE PERSONA
Nombre de persona Hulse, Frederick S.
9 (RLIN) 64698
245 14 - MENCIÓN DEL TÍTULO
Título La especie humana
Resto del título : introducción a la antropología física /
Mención de responsabilidad, etc. Frederick S. Hulse ; traducción del inglés por Luis Escolar Bareño.
250 ## - MENCION DE EDICION
Mención de edición [1ª ed.].
260 ## - PUBLICACIÓN, DISTRIBUCIÓN, ETC.
Lugar de publicación, distribución, etc. [Madrid] :
Nombre del editor, distribuidor, etc. Aguilar,
Fecha de publicación, distribución, etc. [1968]
300 ## - DESCRIPCIÓN FÍSICA
Extensión 469 p. ;
Dimensiones 22 cm.
700 1# - ENTRADA AGREGADA--NOMBRE PERSONAL
Nombre de persona Escolar Bareño, Luis.
9 (RLIN) 47605
852 ## - LOCALIZACIÓN
Ubicación ES-MaACL
Número de control de estantería C-35232
Sublocalización o colección R.68053
Holdings
Estatus retirado Estado de pérdida Estado de daño No para préstamo Biblioteca de origen Biblioteca actual Ubicación en estantería Fecha de adquisición Fuente de adquisición Total de préstamos Signatura topográfica completa Código de barras Visto por última vez Precio de reemplazo Tipo de ítem Koha
        Biblioteca del Ateneo de Madrid Biblioteca del Ateneo de Madrid Depósito 2 17/01/2008     C-35232 1085380 23/02/2023 23/02/2023 Libro impreso